| 000 | 00965nam a2200241Ia 4500 | ||
|---|---|---|---|
| 001 | 6626 | ||
| 003 | GE_BSU | ||
| 008 | 181216s||||||||xx |||||||||||||| ||und|| | ||
| 020 | _a9789941125928. | ||
| 040 | _cGE_BSU | ||
| 080 | _a791.229.2:572+791.229.2:39 | ||
| 100 | _aმანუჩარ,ლორია. | ||
| 245 | _aანთროპოლოგიური ფილმი. | ||
| 245 | _cრედ:ნუგზარ,მგელაძე. | ||
| 250 | _aშოთა რუსთაველის სახ.უნ-ტი.ნიკო ბერძენიშვილის ინ-ტი.სტუდია ,,ანთროპო". | ||
| 260 | _aთბილისი. | ||
| 260 | _bუნივერსალი. | ||
| 260 | _c2009. | ||
| 300 | _a99გვ;20სმ. | ||
| 300 | _bილ. | ||
| 653 | _aანთროპოლოგიური ფილმები; ეთნოგრაფიული ფილმები; | ||
| 942 | _cBK | ||
| 999 |
_c40020 _d40020 |
||